| Поле | Инд. | ПП | Название | Значение |
|---|---|---|---|---|
| Тип записи | a | |||
| Библиографический уровень | m | |||
| 001 | Контрольный номер | fa6319fee0084b649dcc0620da2d42d5 | ||
| 005 | Дата корректировки | 20220324115352.6 | ||
| 008 | Кодируемые данные | 220324s1992 ru |||||||||||000|||rus|d | ||
| 040 | a | Служба первич. каталог. | ЦГБ г. В. Луки | |
| b | Код языка каталог. | rus | ||
| 041 | 0_ | a | Код языка текста | rus |
| 084 | 2 | Источник индекса | rubbk | |
| a | Индекс другой классификации/Индекс ББК | 65.9(2)-1 | ||
| 090 | x | Авторский знак | П 78 | |
| j | Имя библиотеки | ЦГБ г. В. Луки | ||
| 097 | b | Оператор | КИС-р | |
| 245 | 10 | a | Заглавие | Программа углубления экономических реформ в России |
| 260 | a | Место издания | Москва | |
| b | Издательство | Республика | ||
| c | Дата издания | 1992 | ||
| 300 | a | Объем | 63 с. | |
| 650 | 14 | a | Основная рубрика | Экономика |
| 653 | 1_ | a | Ключевые слова | экономика |
| 901 | t | Тип документа | m |